| 000 | 00473nam a22001577a 4500 | ||
|---|---|---|---|
| 999 |
_c524920 _d524920 |
||
| 003 | NUST | ||
| 038 | _aMr. Zahoor | ||
| 082 | _a005.1 | ||
| 100 |
_aMuhammad Nufail Farooqi _915720 |
||
| 245 |
_aIMPROVING FUZZY C-MEANS THROUGH BIASING FUZZY MEMBERSHIP MATRIX / _cMuhammad Nufail Farooqi |
||
| 260 |
_aIslamabad : _bCEME - NUST, _c2009. |
||
| 300 |
_a72 p. : ill. ; _c30 cm. |
||
| 500 | _aHardcover. | ||
| 600 |
_aSoftware Engineering - MS Thesis _915638 |
||
| 942 |
_2ddc _cTHE |
||